000 00525nam a22001817a 4500
005 20260421095929.0
008 260421b |||||||| |||| 00| 0 eng d
020 _a9788120341920
050 _aHD 31 .V46 2011
_bC.1
100 _aVenkatachalam, T. A.
245 _aBusiness Process
260 _aNew Delhi
_bPHI Learning Private Limited
_c2011
300 _axv, 316p.:ill.
500 _aIncludes index
650 _a1. Industrial management. 2. Project management.
700 _aI. Sellappan, C. M.
942 _2lcc
_cBK
999 _c217035
_d217035